| 000 | 00411nam a2200145 a 4500 | ||
|---|---|---|---|
| 090 |
_aIAVH _b01009 |
||
| 041 | _aspa | ||
| 245 | _aVivero La Carolina | ||
| 260 |
_aBogotá _bIAVH _bFundación Pangea _bGEF _bEmbajada Real de los Paises Bajos _bBanco Mundial _cs.f |
||
| 300 | _a6 p. | ||
| 650 |
_aViveros _992504 |
||
| 650 |
_aEspecies ornamentales _95727 |
||
| 650 |
_aEspecies medicinales _95726 |
||
| 945 | _d2009-11-20 | ||
| 999 |
_c7171 _d7171 |
||